[Event "GER-ch U10"]
[Site "Willingen"]
[Date "2018.05.21"]
[Round "3"]
[White "Kieselbach, Jannik"]
[Black "Westedt, Felix"]
[Result "1-0"]
[WhiteElo "1397"]
[BlackElo "1049"]
[PlyCount "81"]
[EventDate "2018.05.19"]
[EventType "swiss"]
[EventRounds "11"]
[EventCountry "GER"]
[SourceTitle "CBM 184 Extra"]
[Source "ChessBase"]
[SourceDate "2018.06.28"]
[SourceVersion "1"]
[SourceVersionDate "2018.06.28"]
[SourceQuality "1"]

1. d4 d5 2. e3 Nc6 3. c3 Nf6 4. Bd3 g6 5. Nd2 Bg7 6. f4 Bg4 7. Ngf3 Qd7 8. h3 Bf5 9. Bxf5 Qxf5 10. 0-0 0-0-0 11. Ne5 Qe6 12. Ndf3 Nxe5 13. fxe5 Ne4 14. Nd2 Ng3 15. Rf3 Ne4 16. Nxe4 dxe4 17. Rf2 f6 18. exf6 Bxf6 19. Qb3 Qd7 20. Bd2 Bh4 21. Rf4 Bg3 22. Rxe4 Rde8 23. Qe6 Rhf8 24. Qxd7+ Kxd7 25. Be1 Bd6 26. c4 Rf7 27. c5 Ref8 28. cxd6 Rf1+ 29. Kh2 cxd6 30. b4 Rc8 31. Rf4 Rf8 32. Rxf8 Rxf8 33. a4 Re8 34. Bg3 e5 35. dxe5 dxe5 36. Rf1 Ke6 37. Rc1 Re7 38. b5 Kd6 39. e4 a6 40. Be1 axb5 41. Bb4+ 1-0